000
00323nam a2200121Ia 4500
008
220204s9999 xx 000 0 und d
082
_a
339.5
_b
HEL
100
_a
Helpman, Elbanan
245
0
_a
Theory of international trade under uncertainity
260
_a
New York
_b
Academic
_c
1978
700
_a
Razin, Assaf
942
_c
BK
999
_c
35378
_d
35378